Význam a ďalší rozvoj potravinárskeho tovaroznalectva

Vývoj potravinárskeho tovaroznalectva je úzko spojený s výchovou odborníkov v oblasti obchodno-výrobných činností. Pojem tovaroznalectvo - definovanie. Komerčné tovaroznalectvo. Hlavné úlohy tovaroznalectva. Nové možnosti v oblasti výchovy a výskumu tovaroznaleckých disciplín.

Guardado en:
Detalles Bibliográficos
Autor principal: Lacková, Alica
Otros Autores: Kollár, Vojtech
Formato: Capítulo de libro
Lenguaje:eslovaco
Materias:
Etiquetas: Agregar Etiqueta
Sin Etiquetas, Sea el primero en etiquetar este registro!

MARC

LEADER 00000naa a2200000 4500
001 r032736
005 20230602073745.2
041 0 |a slo 
044 |a SK 
245 1 0 |a Význam a ďalší rozvoj potravinárskeho tovaroznalectva  |c Alica Lacková, Vojtech Kollár 
520 |a Vývoj potravinárskeho tovaroznalectva je úzko spojený s výchovou odborníkov v oblasti obchodno-výrobných činností. Pojem tovaroznalectvo - definovanie. Komerčné tovaroznalectvo. Hlavné úlohy tovaroznalectva. Nové možnosti v oblasti výchovy a výskumu tovaroznaleckých disciplín. 
610 2 0 |a tovaroznalectvo 
610 2 0 |a kvalita výrobkov 
610 2 0 |a potravinárstvo 
610 2 0 |a Slovensko 
610 2 0 |a certifikáty 
610 2 0 |a výchova 
610 2 0 |a výskum 
100 1 |a Lacková, Alica 
700 1 |a Kollár, Vojtech